000 00720nam a2200229Ia 4500
999 _c45411
_d45411
001 12235
003 GE_BSU
005 20221117155055.0
008 181216s2012en xx |||||||||||||| ||eng||
020 _a9780071774345 x
040 _cGE_BSU
041 _aeng
080 _a579+616.097 L-62
100 _aLevinson,Warren.
_915901
245 _aReview of Viedical Microbiology and Immunology.
_bA lange medical book /
_cWarren Levinson.
250 _aTwelfth Edition.
264 _aNew York :
_bGraw Hill Medicall,
_c2012.
300 _a510 p.:
_bill ;
_c28cm.
653 _aReview of Viedical Microbiology and Immunology.A lange medical book.
653 _aმიკრობიოლოგია
942 _cBK
_2udc